[Event "11th Essent op"]
[Site "Hoogeveen NED"]
[Date "2007.10.15"]
[Round "4.9"]
[White "Christensen, Stefan"]
[Black "Abergel, Thal"]
[Result "1/2-1/2"]
[WhiteElo "2304"]
[BlackElo "2528"]
[EventDate "2007.10.12"]
[PlyCount "58"]

1.e4 c5 2.c3 b6 3.d4 Bb7 4.Bd3 Nf6 5.Nd2 cxd4 6.cxd4 Nc6 7.Ne2 Nb4 8.Bb1 
Ba6 9.Nf3 Rc8 10.Bf4 d5 11.e5 Ne4 12.Qa4+ Qd7 13.Qxb4 e6 14.Qb3 Bc4 15.Qd1
Bb4+ 16.Kf1 Qb5 17.a4 Qa6 18.Ne1 f6 19.Nd3 Qa5 20.Nxb4 Qxb4 21.Bd3 fxe5 
22.dxe5 O-O 23.Bxc4 Rxc4 24.f3 g5 25.Be3 Qxb2 26.Kg1 Rc2 27.Bd4 Qb3 28.
fxe4 Qc4 29.Rc1 Rxc1 1/2-1/2

[Event "11th Essent op"]
[Site "Hoogeveen NED"]
[Date "2007.10.15"]
[Round "4.10"]
[White "Reinderman, Dimitri"]
[Black "Mamedjarova, Zeinab"]
[Result "1-0"]
[WhiteElo "2510"]
[BlackElo "2342"]
[EventDate "2007.10.12"]
[PlyCount "81"]

1.e4 e5 2.Nf3 d6 3.d4 exd4 4.Nxd4 Nf6 5.Nc3 Be7 6.g3 O-O 7.Bg2 Re8 8.O-O 
Bf8 9.h3 c5 10.Nde2 Nc6 11.g4 Be6 12.Ng3 Nd7 13.Nf5 Nb6 14.Bf4 Ne5 15.b3 
Qd7 16.Bg3 Rad8 17.Ne3 f6 18.Kh2 a6 19.Qd2 Bf7 20.Rad1 Qc8 21.Rfe1 h5 22.
f4 Nc6 23.Ncd5 Nxd5 24.exd5 Nb8 25.Bf3 hxg4 26.hxg4 g6 27.Qd3 Bh6 28.g5 
fxg5 29.Ng4 Bg7 30.fxg5 Qf5 31.Qxf5 gxf5 32.Nf6+ Bxf6 33.gxf6 Nd7 34.Bxd6 
Rxe1 35.Rxe1 Nxf6 36.Be7 Re8 37.d6 Kg7 38.Bxb7 Rh8+ 39.Kg3 Be8 40.Bc8 Bc6 
41.Bxf5 1-0

[Event "11th Essent op"]
[Site "Hoogeveen NED"]
[Date "2007.10.15"]
[Round "4.11"]
[White "Safarli, Eltaj"]
[Black "Ruijgrok, Dennis"]
[Result "1/2-1/2"]
[WhiteElo "2488"]
[BlackElo "2330"]
[EventDate "2007.10.12"]
[PlyCount "99"]

1.e4 e5 2.Nf3 Nc6 3.Bb5 a6 4.Ba4 Nf6 5.Qe2 b5 6.Bb3 Bc5 7.O-O O-O 8.c3 d5 
9.d3 dxe4 10.dxe4 Bd6 11.Rd1 Qe8 12.h3 Ne7 13.Nh4 Qc6 14.Nd2 Bb7 15.Re1 a5
16.a4 b4 17.Bc4 bxc3 18.bxc3 Ba6 19.Bxa6 Rxa6 20.Nf1 Rb6 21.Bg5 Bc5 22.Ng3
h6 23.Bc1 Rfb8 24.Nhf5 Ng6 25.Qf3 Rb3 26.Bd2 Rb2 27.Rad1 Nf4 28.Be3 Rc2 
29.Rc1 Nd3 30.Nxh6+ gxh6 31.Nf5 Kh7 32.Nxh6 Bxe3 33.Ng4 Nxg4 34.Qxf7+ Kh8 
35.Rxc2 Nxe1 36.Re2 Nh6 37.Qh5 Nd3 38.Rxe3 Qd6 39.Rxd3 Rb1+ 40.Kh2 Qxd3 
41.Qxh6+ Kg8 42.Qg6+ Kf8 43.Qf6+ Ke8 44.Qxe5+ Kd8 45.Qf6+ Kc8 46.e5 Rb6 
47.Qf8+ Kb7 48.Qc5 Qe4 49.c4 Ka6 50.e6 1/2-1/2

[Event "11th Essent op"]
[Site "Hoogeveen NED"]
[Date "2007.10.15"]
[Round "4.12"]
[White "Humphrey, Jonathan"]
[Black "Rasmussen, Allan Stig"]
[Result "1-0"]
[WhiteElo "2284"]
[BlackElo "2485"]
[EventDate "2007.10.12"]
[PlyCount "81"]

1.e4 c5 2.Nf3 e6 3.d4 cxd4 4.Nxd4 Nc6 5.Nb5 d6 6.c4 Nf6 7.N1c3 a6 8.Na3 
Be7 9.Be2 O-O 10.O-O b6 11.Be3 Bb7 12.Qb3 Nd7 13.Rfd1 Nc5 14.Qc2 Bf6 15.f3
Be5 16.Qd2 Qh4 17.g3 Qe7 18.Nc2 f5 19.exf5 Rxf5 20.b4 Qf6 21.Nd4 Nxd4 22.
Bxd4 Nd7 23.f4 Bxf4 24.Bxf6 Bxd2 25.Rxd2 Nxf6 26.Rxd6 a5 27.b5 Bf3 28.Bd3 
Re5 29.Na4 Ne4 30.Re1 Nxd6 31.Rxe5 Rd8 32.Re3 Bg4 33.Nxb6 Nf5 34.Bxf5 Rd1+
35.Kf2 Rd2+ 36.Kf1 Bxf5 37.c5 Rc2 38.c6 Kf7 39.Nd7 a4 40.b6 Rc1+ 41.Kf2 
1-0

[Event "11th Essent op"]
[Site "Hoogeveen NED"]
[Date "2007.10.15"]
[Round "4.13"]
[White "Pijpers, Arthur"]
[Black "Haub, Thorsten Michael"]
[Result "1-0"]
[WhiteElo "2000"]
[BlackElo "2469"]
[EventDate "2007.10.12"]
[PlyCount "87"]

1.e4 g6 2.d4 Bg7 3.Nc3 d6 4.Be3 a6 5.f4 e6 6.Nf3 Ne7 7.Bd3 Nd7 8.Qd2 f5 9.
O-O-O b5 10.h4 Nf6 11.e5 Nh5 12.Rdg1 Bb7 13.Qf2 b4 14.Ne2 Nd5 15.g4 fxg4 
16.Rxg4 dxe5 17.dxe5 Nxe3 18.Qxe3 Qd5 19.Rf1 Qxa2 20.Ned4 Qa1+ 21.Kd2 Qxb2
22.Nxe6 Qc3+ 23.Ke2 Bd5 24.Bxg6+ hxg6 25.Qxc3 bxc3 26.Nxc7+ Kf7 27.Nxd5 
Bh6 28.Ng5+ Bxg5 29.fxg5+ Kg7 30.e6 Ra7 31.Kd3 Re8 32.e7 Rd7 33.Ke4 a5 34.
Ke5 a4 35.Ra1 Kf7 36.Raxa4 Ng7 37.Rgf4+ Nf5 38.h5 Kg7 39.h6+ Kh8 40.Rxf5 
gxf5 41.g6 Rdxe7+ 42.Nxe7 Rxe7+ 43.Kxf5 Re8 44.Rc4 1-0

[Event "11th Essent op"]
[Site "Hoogeveen NED"]
[Date "2007.10.15"]
[Round "4.14"]
[White "Mamedjarova, Turkan"]
[Black "Vedder, Henk"]
[Result "1-0"]
[WhiteElo "2227"]
[BlackElo "2364"]
[EventDate "2007.10.12"]
[PlyCount "103"]

1.e4 e6 2.d4 d5 3.exd5 exd5 4.Bd3 Nc6 5.c3 Bd6 6.Qf3 Nge7 7.Ne2 Be6 8.O-O 
Qd7 9.Bf4 O-O-O 10.Bxd6 Qxd6 11.b4 Ng6 12.Nd2 Nce7 13.b5 h5 14.h3 Nh4 15.
Qf4 g5 16.Qxd6 Rxd6 17.Kh2 Bf5 18.Bxf5+ Nexf5 19.Ng3 g4 20.Rae1 Re6 21.Nb3
b6 22.Re5 Rxe5 23.dxe5 Ne7 24.Nd4 Nhg6 25.Re1 gxh3 26.gxh3 h4 27.Nf1 Nf4 
28.e6 Rf8 29.exf7 Rxf7 30.Re3 Kd7 31.Nf3 Neg6 32.N1d2 Kd6 33.Nb3 c5 34.
bxc6 Kxc6 35.Nbd4+ Kd6 36.Re8 a6 37.Ra8 Kc5 38.Rc8+ Kd6 39.Rc6+ Kd7 40.
Rxb6 a5 41.Ra6 Rf8 42.Rxa5 Rc8 43.Ra7+ Kd6 44.a4 Kc5 45.a5 Kc4 46.a6 Kd3 
47.Rb7 Ne2 48.a7 Ra8 49.Nxe2 Kxe2 50.Nd4+ Kxf2 51.Nc6 Re8 52.Rb2+ 1-0

[Event "11th Essent op"]
[Site "Hoogeveen NED"]
[Date "2007.10.15"]
[Round "4.15"]
[White "Grooten, Herman"]
[Black "Kodentsov, Grigori"]
[Result "1-0"]
[WhiteElo "2350"]
[BlackElo "2307"]
[EventDate "2007.10.12"]
[PlyCount "119"]

1.d4 Nf6 2.c4 g6 3.Nc3 Bg7 4.e4 d6 5.Nf3 O-O 6.Be2 e5 7.Be3 Ng4 8.Bg5 f6 
9.Bh4 g5 10.Bg3 Nh6 11.d5 Nd7 12.Nd2 f5 13.exf5 Nf6 14.Nde4 Nxe4 15.Nxe4 
Bxf5 16.Bd3 g4 17.Qc2 Kh8 18.O-O-O a6 19.Kb1 Bd7 20.Qe2 Nf5 21.h3 Nd4 22.
Qd2 gxh3 23.f4 b5 24.c5 dxc5 25.fxe5 Bg4 26.Rc1 c4 27.Bxc4 bxc4 28.Qxd4 
hxg2 29.Rh2 Bf3 30.Qxc4 Qe8 31.Rh4 Qg6 32.Bh2 Rab8 33.a3 Rf5 34.Qd4 Re8 
35.Rxc7 Bxe4+ 36.Qxe4 Rf1+ 37.Ka2 Qxe4 38.Rxe4 Rh1 39.Rg4 Rxh2 40.Rcxg7 h5
41.Rxg2 Rxe5 42.Rg8+ Kh7 43.R2g7+ Kh6 44.Rg6+ Kh7 45.R8g7+ Kh8 46.Rd7 h4 
47.Rxa6 Re8 48.Rh6+ Kg8 49.Rb7 h3 50.d6 Rd8 51.Rb3 Kf7 52.Rh7+ Ke6 53.
Rhxh3 Rc2 54.Rh6+ Kd5 55.d7 Re2 56.Rb7 Rf8 57.a4 Ra8 58.Rb5+ Kc4 59.Rh4+ 
Kd3 60.Rd5+ 1-0

[Event "11th Essent op"]
[Site "Hoogeveen NED"]
[Date "2007.10.15"]
[Round "4.16"]
[White "Van Delft, Merijn"]
[Black "Van Kampen, Robin"]
[Result "1-0"]
[WhiteElo "2418"]
[BlackElo "2475"]
[EventDate "2007.10.12"]
[PlyCount "71"]

1.e4 c5 2.Nf3 d6 3.d4 cxd4 4.Nxd4 Nf6 5.Nc3 Nc6 6.Bg5 e6 7.Qd2 a6 8.O-O-O 
Bd7 9.f3 Be7 10.Be3 h5 11.Kb1 Rc8 12.h3 Qc7 13.Bd3 h4 14.f4 Nxd4 15.Bxd4 
e5 16.Be3 Be6 17.f5 Bc4 18.Bxc4 Qxc4 19.Bg5 b5 20.Bxf6 gxf6 21.Nd5 Rc6 22.
Rhe1 a5 23.c3 Rg8 24.Re3 Kd7 25.Qf2 Qc5 26.a3 Bd8 27.Rd2 Qc4 28.Qxh4 Rxg2 
29.Rxg2 Qf1+ 30.Ka2 Qxg2 31.Qh7 Qc2 32.Qxf7+ Kc8 33.Qe6+ Kb8 34.Qd7 Rc8 
35.Qxb5+ Ka7 36.Rg3 1-0

[Event "11th Essent op"]
[Site "Hoogeveen NED"]
[Date "2007.10.15"]
[Round "4.17"]
[White "Akotchik, Victor"]
[Black "Okkes, Menno"]
[Result "1/2-1/2"]
[WhiteElo "2015"]
[BlackElo "2386"]
[EventDate "2007.10.12"]
[PlyCount "93"]

1.d4 d5 2.Nc3 Nf6 3.Bg5 Nbd7 4.f3 c6 5.e4 dxe4 6.fxe4 e5 7.dxe5 Qa5 8.Bxf6
gxf6 9.e6 fxe6 10.Qg4 Nb6 11.Be2 Bb4 12.Rd1 Bd7 13.Qh5+ Qxh5 14.Bxh5+ Ke7 
15.Rd3 Na4 16.a3 Bxc3+ 17.bxc3 c5 18.Ne2 Bb5 19.Rh3 Rad8 20.Nf4 Nb6 21.Bg4
e5 22.Nd3 Nc4 23.a4 Bxa4 24.Nxc5 Bc6 25.Bf5 b6 26.Nd3 h6 27.O-O Nd6 28.Re1
Nxf5 29.exf5 Kf7 30.Rh4 Rdg8 31.Re2 Rg5 32.Rf2 Bd7 33.Rc4 Rc8 34.Rh4 h5 
35.c4 Rxf5 36.Rxf5 Bxf5 37.Nb4 Bg6 38.c3 f5 39.Nd5 Rc5 40.g3 Ra5 41.Kf2 
Ke6 42.h3 Ra2+ 43.Kg1 Ra1+ 44.Kf2 Ra2+ 45.Kg1 Re2 46.Kf1 Ra2 47.Kg1 
1/2-1/2

[Event "11th Essent op"]
[Site "Hoogeveen NED"]
[Date "2007.10.15"]
[Round "4.18"]
[White "Ris, Robert"]
[Black "Van der Leest, Bert"]
[Result "1-0"]
[WhiteElo "2381"]
[BlackElo "2199"]
[EventDate "2007.10.12"]
[PlyCount "69"]

1.c4 g6 2.Nc3 Bg7 3.g3 d6 4.Bg2 Nf6 5.e4 O-O 6.Nge2 c5 7.O-O Nc6 8.d3 Ne8 
9.Be3 Nd4 10.Rb1 Rb8 11.b4 e5 12.f4 f5 13.h3 Nc7 14.Kh2 a6 15.a4 Nce6 16.
Qd2 Nxe2 17.Nxe2 Nd4 18.fxe5 Bxe5 19.Nxd4 cxd4 20.Bf4 Qc7 21.Rbc1 Be6 22.
exf5 Rxf5 23.Bxe5 dxe5 24.Rxf5 Bxf5 25.Qg5 Re8 26.Rf1 Kh8 27.Bd5 Qe7 28.
Qd2 Be6 29.Be4 b6 30.Qh6 Kg8 31.Bxg6 hxg6 32.Qxg6+ Kh8 33.Rf6 Bg8 34.Qh5+ 
Bh7 35.Rf7 1-0

[Event "11th Essent op"]
[Site "Hoogeveen NED"]
[Date "2007.10.15"]
[Round "4.19"]
[White "Kuipers, Stefan"]
[Black "Afek, Yochanan"]
[Result "1/2-1/2"]
[WhiteElo "2283"]
[BlackElo "2350"]
[EventDate "2007.10.12"]
[PlyCount "159"]

1.e4 c5 2.Nf3 Nf6 3.e5 Nd5 4.d4 cxd4 5.c3 e6 6.cxd4 b6 7.Nc3 Nxc3 8.bxc3 
Qc7 9.Bd2 Bb7 10.Bd3 d6 11.O-O Nd7 12.Ng5 Be7 13.Qh5 g6 14.Qh3 dxe5 15.
Rae1 Bxg5 16.Bxg5 f5 17.dxe5 O-O 18.Be7 Rf7 19.Bd6 Qc6 20.Be2 Qa4 21.Bf3 
Bxf3 22.Qxf3 Rc8 23.Re2 b5 24.h3 Nb6 25.Rd2 Qe4 26.Qg3 Nd5 27.Rc1 Rxc3 28.
Rxc3 Qe1+ 29.Kh2 Qxd2 30.Rc8+ Kg7 31.Qa3 b4 32.Qa5 Nb6 33.Re8 Qxf2 34.Qxb4
Nd7 35.Rxe6 f4 36.Re7 Rxe7 37.Bxe7 Qg3+ 38.Kh1 f3 39.Bf6+ Kh6 40.Qd2+ g5 
41.Bg7+ Kh5 42.gxf3 Qxh3+ 43.Qh2 Qxh2+ 44.Kxh2 Kg6 45.e6 Nf6 46.Bh8 Nd5 
47.Kg3 Kf5 48.Bd4 a6 49.Bb2 h6 50.Bg7 h5 51.Bb2 Kxe6 52.Bc1 Kf5 53.Bd2 Nf4
54.Ba5 Ne2+ 55.Kg2 Nd4 56.Kg3 Ne2+ 57.Kg2 Nc1 58.a3 Nd3 59.Bd8 Nf4+ 60.Kg3
Ne6 61.Be7 h4+ 62.Kf2 Nf4 63.Bd8 Ng6 64.Kg2 g4 65.fxg4+ Kxg4 66.a4 h3+ 67.
Kh2 Ne5 68.Bc7 Nf3+ 69.Kh1 Kf5 70.a5 Ke4 71.Bb6 Kd3 72.Bc7 Kc4 73.Bb6 Kb4 
74.Bc7 Kb5 75.Bd8 Ne5 76.Kh2 Nc6 77.Bc7 Nxa5 78.Kxh3 Nc4 79.Kg2 Ne3+ 80.
Kf3 1/2-1/2

[Event "11th Essent op"]
[Site "Hoogeveen NED"]
[Date "2007.10.15"]
[Round "4.20"]
[White "Erwich, Frank"]
[Black "Hulshof, Peter"]
[Result "1-0"]
[WhiteElo "2346"]
[BlackElo "2163"]
[EventDate "2007.10.12"]
[PlyCount "45"]

1.c4 g6 2.Nc3 Bg7 3.g3 d6 4.Bg2 e5 5.e4 Nc6 6.Nge2 f5 7.d3 Nh6 8.O-O O-O 
9.Rb1 f4 10.gxf4 exf4 11.Bxf4 Rxf4 12.Nxf4 Qh4 13.Qf3 Be5 14.Nce2 g5 15.
Qh5 Bg4 16.Qxh4 gxh4 17.f3 Bd7 18.Bh3 Bxh3 19.Nxh3 Nd4 20.Nxd4 Bxd4+ 21.
Kg2 Kf7 22.f4 Ng4 23.Rh1 1-0

[Event "11th Essent op"]
[Site "Hoogeveen NED"]
[Date "2007.10.15"]
[Round "4.21"]
[White "Vuilleumier, Alexandre"]
[Black "Otte, Marijn Willem"]
[Result "1/2-1/2"]
[WhiteElo "2315"]
[BlackElo "2155"]
[EventDate "2007.10.12"]
[PlyCount "190"]

1.e4 c5 2.Nf3 d6 3.c3 Nf6 4.h3 Nbd7 5.Bd3 b6 6.O-O Bb7 7.Re1 e6 8.Bc2 Be7 
9.d4 O-O 10.Bg5 h6 11.Bh4 e5 12.Nbd2 Qc7 13.d5 Rfe8 14.Nf1 g6 15.Qd2 Bf8 
16.Ba4 Bg7 17.Bxf6 Nxf6 18.Bxe8 Rxe8 19.Ng3 h5 20.c4 Qe7 21.a4 a5 22.Ra3 
Rb8 23.Qg5 Qe8 24.Nh4 Nh7 25.Qc1 Bf6 26.Nf3 h4 27.Nf1 Bc8 28.Kh2 Bd7 29.b3
Bc8 30.Ra2 Qe7 31.Rc2 Kg7 32.Rc3 Bd7 33.Kg1 Rh8 34.N1h2 Kf8 35.Kf1 Bg7 36.
Qd1 Nf6 37.Ng1 Bh6 38.Rf3 Ke8 39.Qd3 Nh7 40.Ng4 Ng5 41.Nf6+ Kd8 42.Nxd7 
Nxf3 43.Qxf3 Kxd7 44.Qg4+ Kd8 45.Nf3 Bg7 46.Re3 Qd7 47.Ng5 Qe7 48.Rc3 Rh5 
49.Nf3 Qd7 50.Kg1 Bh6 51.Rd3 Bc1 52.Ne1 Qxg4 53.hxg4 Rg5 54.Rh3 Rxg4 55.f3
Rf4 56.Nd3 Be3+ 57.Kf1 g5 58.Ke2 Bd4 59.g3 hxg3 60.Nxf4 exf4 61.Kf1 Ke7 
62.Kg2 Kf8 63.Rh6 Be5 64.Rh5 Bf6 65.e5 dxe5 66.d6 Ke8 67.Rh6 Bd8 68.Rh7 f5
69.d7+ Kf8 70.Rh8+ Ke7 71.Re8+ Kxd7 72.Rxe5 Bf6 73.Rxf5 Ke6 74.Rd5 Be5 75.
Rd8 Kf5 76.Rg8 Bd4 77.Rb8 Ke5 78.Rxb6 Bc3 79.Rb8 Kd4 80.Rd8+ Ke3 81.Rd5 
Bd4 82.Rxg5 Kd3 83.Rg6 Kc3 84.Ra6 Kxb3 85.Rxa5 Kxc4 86.Rb5 Kd3 87.Rb3+ Kd2
88.a5 c4 89.Rb4 Kc3 90.Rb7 Kd3 91.a6 c3 92.a7 Bxa7 93.Rxa7 c2 94.Rd7+ Ke2 
95.Rc7 Kd2 1/2-1/2

[Event "11th Essent op"]
[Site "Hoogeveen NED"]
[Date "2007.10.15"]
[Round "4.22"]
[White "Pruijssers, Roeland"]
[Black "Bok, Benjamin"]
[Result "1-0"]
[WhiteElo "2408"]
[BlackElo "2115"]
[EventDate "2007.10.12"]
[PlyCount "75"]

1.e4 e5 2.Nf3 Nc6 3.Bb5 a6 4.Ba4 Nf6 5.O-O b5 6.Bb3 Be7 7.Re1 O-O 8.h3 d6 
9.c3 Na5 10.Bc2 c5 11.d4 Qc7 12.Nbd2 Bd7 13.d5 Nb7 14.Nf1 c4 15.Ng3 Nc5 
16.Nh2 Rfe8 17.f4 a5 18.Rf1 b4 19.Nf3 bxc3 20.bxc3 Rac8 21.fxe5 dxe5 22.
Nh4 Nd3 23.Nhf5 Bxf5 24.Nxf5 Bc5+ 25.Kh2 Nxc1 26.Qxc1 g6 27.Qg5 Qd8 28.
Nh6+ Kg7 29.Rxf6 Qxf6 30.Nf5+ Qxf5 31.exf5 e4 32.fxg6 hxg6 33.Rf1 Be7 34.
Qf4 f5 35.d6 Bf6 36.d7 Be5 37.Qxe5+ Rxe5 38.dxc8=Q 1-0

[Event "11th Essent op"]
[Site "Hoogeveen NED"]
[Date "2007.10.15"]
[Round "4.23"]
[White "Vroombout, Enrico"]
[Black "Tondivar, Babak"]
[Result "0-1"]
[WhiteElo "2141"]
[BlackElo "2353"]
[EventDate "2007.10.12"]
[PlyCount "52"]

1.e4 e6 2.d4 d5 3.Nc3 Bb4 4.e5 Ne7 5.Bd2 b6 6.Nce2 Bxd2+ 7.Qxd2 Ba6 8.Nf3 
Nbc6 9.b4 Qd7 10.a4 Bc4 11.Nf4 O-O-O 12.g3 Kb7 13.Bh3 h6 14.c3 Ng6 15.Nd3 
h5 16.Nb2 h4 17.Nxc4 dxc4 18.Qe2 Rh6 19.Bg2 h3 20.Bf1 Qd5 21.Rg1 f6 22.
exf6 e5 23.b5 Nxd4 24.cxd4 exd4 25.Nd2 Ne5 26.Nxc4 Nf3+ 0-1

[Event "11th Essent op"]
[Site "Hoogeveen NED"]
[Date "2007.10.15"]
[Round "4.24"]
[White "Van Opheusden, Bas"]
[Black "Pg, Mohd Omar Ak Hirawa"]
[Result "1-0"]
[WhiteElo "2149"]
[BlackElo "2316"]
[EventDate "2007.10.12"]
[PlyCount "51"]

1.e4 c5 2.d4 cxd4 3.c3 dxc3 4.Nxc3 Nc6 5.Nf3 d6 6.Bc4 a6 7.Bg5 h6 8.Qb3 
Be6 9.Bxe6 fxe6 10.Be3 Kf7 11.O-O Na5 12.Qd1 g6 13.Nh4 Nf6 14.f4 Nc4 15.
Bd4 e5 16.Qb3 Rc8 17.fxe5 dxe5 18.Bxe5 g5 19.Nf5 Kg6 20.Rad1 Qa5 21.Qxb7 
Nxe5 22.Qxc8 Qb6+ 23.Nd4 Neg4 24.e5 Ne3 25.exf6 e5 26.Qe8+ 1-0

[Event "11th Essent op"]
[Site "Hoogeveen NED"]
[Date "2007.10.15"]
[Round "4.25"]
[White "Schuurman, Petra"]
[Black "Van Weersel, Arlette"]
[Result "1/2-1/2"]
[WhiteElo "2281"]
[BlackElo "2174"]
[EventDate "2007.10.12"]
[PlyCount "94"]

1.d4 Nf6 2.c4 e6 3.Nf3 b6 4.Nc3 Bb4 5.Bg5 Bb7 6.Nd2 h6 7.Bh4 Bxc3 8.bxc3 
d6 9.f3 Nbd7 10.e4 e5 11.Bd3 O-O 12.O-O Re8 13.Re1 Nf8 14.Bf2 Ne6 15.Bf1 
Nh7 16.g3 Qf6 17.Nb3 Rad8 18.Bg2 Bc8 19.h4 g5 20.d5 Ng7 21.hxg5 hxg5 22.
Be3 Nh5 23.Kf2 Qg6 24.Rh1 Rf8 25.g4 Nf4 26.Bxf4 gxf4 27.Nd2 Bd7 28.Qb3 Kg7
29.Qa3 a5 30.c5 dxc5 31.Nc4 Bb5 32.Nxe5 Qd6 33.Rh5 f6 34.Qb3 fxe5 35.Qxb5 
Rh8 36.Rah1 Nf6 37.Rxh8 Rxh8 38.Rxh8 Kxh8 39.g5 Ng8 40.Qe8 Qe7 41.Qc8 c4 
42.a4 Qc5+ 43.Kf1 Qe3 44.Qxc7 Qc1+ 45.Kf2 Qe3+ 46.Kf1 Qc1+ 47.Kf2 Qe3+ 
1/2-1/2

[Event "11th Essent op"]
[Site "Hoogeveen NED"]
[Date "2007.10.15"]
[Round "4.26"]
[White "Pel, Bonno"]
[Black "Rooda, Kai P"]
[Result "1-0"]
[WhiteElo "2280"]
[BlackElo "2146"]
[EventDate "2007.10.12"]
[PlyCount "91"]

1.Nc3 d5 2.e4 e6 3.g3 dxe4 4.Nxe4 Bd7 5.Nf3 Bc6 6.Qe2 Qd5 7.d3 Nf6 8.Nxf6+
gxf6 9.Bg2 Bg7 10.O-O f5 11.c4 Qc5 12.d4 Bxd4 13.b4 Bxf3 14.Qxf3 Qc6 15.
Qb3 Qd7 16.Bxb7 Bxa1 17.Bh6 c6 18.Bxa8 Be5 19.Rd1 Qc8 20.b5 Ke7 21.Qa3+ 
Kf6 22.f4 Kg6 23.fxe5 Kxh6 24.Qe7 Rg8 25.Qh4+ Kg6 26.Qf6+ Kh5 27.Rd4 Rg4 
28.Qxf7+ Kh6 29.Rxg4 fxg4 30.Qf6+ Kh5 31.Qh4+ Kg6 32.Qxg4+ Kf7 33.Qf3+ Kg8
34.Bxc6 Qd8 35.Qg4+ Kf7 36.Qf4+ Kg8 37.Bf3 Qb6+ 38.Kg2 Nd7 39.Bc6 Nf8 40.
Qg5+ Kf7 41.Bf3 Ng6 42.Qf6+ Kg8 43.h4 Qe3 44.Qxe6+ Kg7 45.Qf6+ Kh6 46.g4 
1-0

[Event "11th Essent op"]
[Site "Hoogeveen NED"]
[Date "2007.10.15"]
[Round "4.27"]
[White "Sadallah, Osama"]
[Black "Van Eijk, Sander"]
[Result "1/2-1/2"]
[WhiteElo "2108"]
[BlackElo "2275"]
[EventDate "2007.10.12"]
[PlyCount "82"]

1.d4 Nf6 2.Bg5 e6 3.e4 c5 4.Bxf6 Qxf6 5.e5 Qd8 6.Nf3 cxd4 7.Qxd4 Nc6 8.Qe3
g6 9.Nbd2 Bg7 10.Bb5 O-O 11.Bxc6 bxc6 12.O-O d5 13.Nb3 Qb6 14.Rfe1 Rb8 15.
Rab1 Re8 16.Qf4 c5 17.h4 Qb4 18.Qg5 d4 19.a3 Qb5 20.Nbd2 Bb7 21.Ne4 Bxe4 
22.Rxe4 Qb7 23.Ree1 Qd5 24.Qf4 h6 25.b3 Red8 26.Rbd1 Qc6 27.Rd3 Rd5 28.Nd2
Qc7 29.Nc4 Rf8 30.Qe4 Qe7 31.g3 Kh7 32.f4 h5 33.Re2 Rh8 34.a4 Kg8 35.Rf3 
Qd7 36.Rd3 Kh7 37.Rh2 Qe7 38.Rdd2 Rd7 39.Rd3 Rd5 40.Rdd2 Qd7 41.Rd3 Qe7 
1/2-1/2

[Event "11th Essent op"]
[Site "Hoogeveen NED"]
[Date "2007.10.15"]
[Round "4.28"]
[White "Van den Berg, Ad"]
[Black "Hendriks, Richard V"]
[Result "1/2-1/2"]
[WhiteElo "2248"]
[BlackElo "2125"]
[EventDate "2007.10.12"]
[PlyCount "105"]

1.e4 e5 2.Nf3 Nc6 3.Nc3 g6 4.d3 Bg7 5.Bg5 Nce7 6.d4 exd4 7.Nxd4 h6 8.Bf4 
d6 9.Qd2 Nc6 10.Nxc6 bxc6 11.O-O-O Be6 12.Ba6 Qb8 13.Na4 Nf6 14.e5 Nd5 15.
exd6 cxd6 16.Bg3 Nb6 17.Qxd6 Qxd6 18.Bxd6 Nxa4 19.Bb7 Bxb2+ 20.Kb1 Kd7 21.
Bb4+ Kc7 22.Bxa8 Rxa8 23.Ba5+ Kb7 24.Rd3 Bg7 25.Re1 Ka6 26.Bc7 Nc3+ 27.Kc1
Nxa2+ 28.Kd2 Nb4 29.Ra3+ Kb7 30.Ba5 Nd5 31.Rf3 Re8 32.c4 Nf6 33.Bc3 Rd8+ 
34.Kc1 Ne8 35.Rxe6 Bxc3 36.Rxf7+ Ka6 37.Rxc6+ Ka5 38.Rxg6 Nd6 39.Rxa7+ Kb4
40.Rc7 Bd4 41.f3 Kc3 42.Rg3 Nf5 43.Rh3 Be3+ 44.Kb1 Rb8+ 45.Ka2 Nd4 46.f4 
Nc2 47.Rxe3+ Nxe3 48.Rg7 Ra8+ 49.Kb1 Rb8+ 50.Kc1 Rd8 51.Kb1 Rb8+ 52.Kc1 
Rd8 53.Kb1 1/2-1/2

[Event "11th Essent op"]
[Site "Hoogeveen NED"]
[Date "2007.10.15"]
[Round "4.30"]
[White "Van Apeldoorn, Janton"]
[Black "Middelveld, Martine"]
[Result "1-0"]
[WhiteElo "2188"]
[BlackElo "2009"]
[EventDate "2007.10.12"]
[PlyCount "43"]

1.e4 e6 2.d4 d5 3.Nd2 Nf6 4.e5 Nfd7 5.c3 c5 6.Bd3 Nc6 7.Ndf3 cxd4 8.cxd4 
f6 9.exf6 Nxf6 10.Nh3 Bd6 11.O-O O-O 12.Re1 Qc7 13.Nhg5 Re8 14.Nxh7 Ng4 
15.h3 Nxf2 16.Kxf2 Bg3+ 17.Kg1 Bxe1 18.Qxe1 e5 19.Qg3 Qe7 20.Bg5 Qe6 21.
Bf6 Qd7 22.Bxe5 1-0

[Event "11th Essent op"]
[Site "Hoogeveen NED"]
[Date "2007.10.15"]
[Round "4.31"]
[White "De Jong, Migchiel"]
[Black "Klein, David"]
[Result "1/2-1/2"]
[WhiteElo "2341"]
[BlackElo "2086"]
[EventDate "2007.10.12"]
[PlyCount "111"]

1.e4 c5 2.Nf3 d6 3.d4 cxd4 4.Nxd4 Nf6 5.Nc3 a6 6.Be3 e5 7.Nf3 Be7 8.Bc4 
O-O 9.O-O Be6 10.Bb3 b5 11.Re1 h6 12.Nd5 Nxd5 13.Bxd5 Bxd5 14.Qxd5 Nd7 15.
a4 b4 16.a5 Nf6 17.Qb3 Rc8 18.Bd2 Qc7 19.Bxb4 Qxc2 20.Qxc2 Rxc2 21.Bc3 Rc8
22.Ra4 d5 23.exd5 Nxd5 24.Bxe5 Bf6 25.Bxf6 Nxf6 26.Rb4 R2c5 27.h3 Rxa5 28.
Rb7 Rb5 29.Rxb5 axb5 30.Re5 Rc1+ 31.Kh2 b4 32.Rb5 Ne4 33.Rxb4 Nxf2 34.Ne5 
f6 35.Rb8+ Kh7 36.Nd7 Kg6 37.b4 Kf5 38.Nc5 Rh1+ 39.Kg3 Ne4+ 40.Nxe4 Kxe4 
41.b5 Kd5 42.Rb7 Rb1 43.Rxg7 Rxb5 44.Rg6 Ke6 45.Rxh6 Kf7 46.Rh7+ Kg6 47.
Re7 Rb4 48.Kf3 Ra4 49.Re4 Ra3+ 50.Kf4 Ra1 51.Rb4 Rf1+ 52.Kg4 Rf5 53.h4 Ra5
54.Rf4 Kg7 55.h5 Rg5+ 56.Kf3 1/2-1/2

[Event "11th Essent op"]
[Site "Hoogeveen NED"]
[Date "2007.10.15"]
[Round "4.32"]
[White "Schut, Donna"]
[Black "Vedder, Richard"]
[Result "0-1"]
[WhiteElo "1999"]
[BlackElo "2297"]
[EventDate "2007.10.12"]
[PlyCount "60"]

1.e4 e6 2.d4 d5 3.Nd2 c5 4.exd5 Qxd5 5.Ngf3 cxd4 6.Bc4 Qd6 7.O-O Nc6 8.Nb3
Nf6 9.Nbxd4 Nxd4 10.Nxd4 a6 11.Re1 Qc7 12.Bb3 Bd7 13.Bg5 O-O-O 14.Qe2 Bd6 
15.Nf3 h6 16.Bh4 Bb5 17.c4 Bc6 18.Bg3 Bxf3 19.Qxf3 Bxg3 20.hxg3 Rd2 21.
Rad1 Rhd8 22.Rxd2 Rxd2 23.Qe3 Qd8 24.c5 Qd4 25.Qxd4 Rxd4 26.Re2 Kc7 27.a3 
Kc6 28.Rc2 Rd1+ 29.Kh2 Ng4+ 30.Kh3 f5 0-1

[Event "11th Essent op"]
[Site "Hoogeveen NED"]
[Date "2007.10.15"]
[Round "4.33"]
[White "Fayard, Alain"]
[Black "Hoffman, Ron"]
[Result "1-0"]
[WhiteElo "2360"]
[BlackElo "2158"]
[EventDate "2007.10.12"]
[PlyCount "79"]

1.d4 Nf6 2.c4 g6 3.Bg5 Bg7 4.Nc3 O-O 5.e3 d6 6.Nf3 h6 7.Bh4 Bf5 8.Bd3 c5 
9.O-O Nbd7 10.Nd2 cxd4 11.exd4 Qb6 12.Nb3 g5 13.Bg3 a5 14.a4 e6 15.Nb5 Ne4
16.c5 dxc5 17.Bc7 Qc6 18.Nxa5 Rxa5 19.Bxa5 Ra8 20.Be1 Rd8 21.f3 Nef6 22.
Rc1 Nd5 23.Bf2 Nf4 24.Re1 b6 25.Bf1 Ne5 26.Rc3 Qa8 27.Qb3 Nc6 28.dxc5 Bxc3
29.Qxc3 Nd5 30.Qc1 bxc5 31.h4 f6 32.hxg5 hxg5 33.Qxc5 Ne5 34.b3 Nf4 35.
Rxe5 fxe5 36.Qxe5 Rd1 37.Bd4 Rxd4 38.Nxd4 Qa7 39.Qe3 Qb6 40.Nxf5 1-0

[Event "11th Essent op"]
[Site "Hoogeveen NED"]
[Date "2007.10.15"]
[Round "4.34"]
[White "Markus, John Raymond"]
[Black "Friesen, Boris"]
[Result "1-0"]
[WhiteElo "2264"]
[BlackElo "2152"]
[EventDate "2007.10.12"]
[PlyCount "113"]

1.d4 Nf6 2.Nf3 g6 3.g3 Bg7 4.Bg2 d5 5.O-O O-O 6.c4 c6 7.cxd5 cxd5 8.Nc3 
Nc6 9.Ne5 e6 10.f4 Qb6 11.e3 Nd7 12.b3 f6 13.Na4 Qc7 14.Nxc6 Qxc6 15.Ba3 
Re8 16.Rf2 Nb8 17.Rc2 Qd7 18.Rac1 Nc6 19.Bf1 Qd8 20.Bb5 Bd7 21.Nc5 Qa5 22.
Ba4 Bc8 23.b4 Qb6 24.Nxb7 Bxb7 25.Bxc6 Rec8 26.b5 Bxc6 27.Rxc6 Rxc6 28.
bxc6 Rc8 29.Qb3 Kf7 30.Qxb6 axb6 31.Bd6 e5 32.fxe5 fxe5 33.dxe5 Ke6 34.c7 
Bxe5 35.Bxe5 Kxe5 36.Rc6 d4 37.exd4+ Kxd4 38.Rxb6 Rxc7 39.Rb2 Ra7 40.Rf2 
Ke3 41.Kg2 g5 42.Rb2 g4 43.Rb3+ Ke4 44.Rb4+ Kf5 45.a4 h5 46.Rb5+ Ke4 47.a5
Ra6 48.Rc5 Rh6 49.h3 Rd6 50.hxg4 hxg4 51.Rc4+ Kf5 52.Rf4+ Kg5 53.Rf2 Ra6 
54.Ra2 Kf5 55.Ra4 Ke6 56.Kf2 Kd7 57.Ke3 1-0

[Event "11th Essent op"]
[Site "Hoogeveen NED"]
[Date "2007.10.15"]
[Round "4.35"]
[White "Giddins, Stephen"]
[Black "Fehr, Axel"]
[Result "1/2-1/2"]
[WhiteElo "2190"]
[BlackElo "2150"]
[EventDate "2007.10.12"]
[PlyCount "26"]

1.c4 d6 2.g3 g6 3.Bg2 Bg7 4.Nc3 f5 5.d3 c5 6.Nf3 Nc6 7.O-O Nf6 8.a3 O-O 9.
Rb1 a5 10.Ne1 Rb8 11.Nc2 Bd7 12.b4 axb4 13.axb4 Nh5 1/2-1/2

[Event "11th Essent op"]
[Site "Hoogeveen NED"]
[Date "2007.10.15"]
[Round "4.36"]
[White "Van der Veen, Jan"]
[Black "Ahlers, Ben"]
[Result "0-1"]
[WhiteElo "2144"]
[BlackElo "2190"]
[EventDate "2007.10.12"]
[PlyCount "102"]

1.e4 c5 2.Nc3 Nc6 3.Bb5 g6 4.Bxc6 dxc6 5.d3 Bg7 6.f4 c4 7.Nf3 cxd3 8.cxd3 
Bg4 9.h3 Bxf3 10.Qxf3 Qb6 11.Qf2 Bd4 12.Qc2 Nf6 13.Rf1 O-O-O 14.Bd2 Kb8 
15.O-O-O Rd7 16.Kb1 Rhd8 17.g4 Bxc3 18.Bxc3 Qe3 19.Be5+ Ka8 20.g5 Ne8 21.
Rfe1 Rxd3 22.Rxe3 Rxd1+ 23.Qxd1 Rxd1+ 24.Kc2 Rd8 25.h4 b6 26.f5 f6 27.Bc3 
Kb7 28.Rg3 fxg5 29.hxg5 Nd6 30.f6 exf6 31.gxf6 Nxe4 32.Re3 Nxc3 33.Re7+ 
Ka6 34.Kxc3 Rd6 35.f7 Rf6 36.a4 h5 37.Kd4 Rf5 38.b4 h4 39.b5+ cxb5 40.
axb5+ Ka5 41.Rxa7+ Kxb5 42.Re7 Kb4 43.Ke3 g5 44.Kd2 b5 45.Re4+ Ka5 46.Rg4 
Rxf7 47.Rxg5 Rh7 48.Rg2 h3 49.Rh2 b4 50.Kc2 Kb5 51.Kb3 Kc5 0-1